Haliç Sorunları ve Çözüm Yolları Ulusal Sempozyumu Tebliğleri (Record no. 2501)

MARC details
000 -BAŞLIK
Sabit Uzunlukta Kontrol Alanı 00705na a2200217 4500
001 - KONTROL NUMARASI
Denetim Alanı 16834
003 - KONTROL NUMARASI IDENTIFIER
Denetim Alanı MIRAKIL
005 - SON İŞLEM TARİHİ VE ZAMANI
Denetim Alanı 20181213154859.0
008 - SABİT-BOY VERİ ELEMANLARI - GENEL BİLGİLER
Sabit Uzunlukta Kontrol Alanı 161014b tu 000 0
035 ## - SİSTEM KONTROL NUMARASI
Sistem Kontrol Numarası 16834
040 ## - KATALOGLAMA KAYNAK
Orijinal Kataloglama Ajansı Milas
Kataloglama Dili tur
Metne Dönüştürmek Ajansı TR-AnCHP
041 ## - DİL KODU
Metin / Ses Parça Veya Ayrı Başlığın Dil Kodu tur
082 ## - DEWEY ONLU SINIFLANDIRMA NUMARASI
Sınıflandırma Numarası 915.62262
Ürün Numarası H24 1976
090 ## - SINIFLAMA NUMARASI
Sınıflama Numarası 915.62262 H24 1977
111 ## - ANA GİRİŞ - TOPLANTI ADI
Giriş Elemanı Olarak Toplantı Adı Veya Yargı Alanı Adı Haliç Sorunları ve Çözüm Yolları Ulusal Sempozyumu
Toplantının Yeri İstanbul
Toplantı Veya Antlaşma İmzalandığı Tarihi 1977
245 ## - BAŞLIK TABLOSU
Başlık Haliç Sorunları ve Çözüm Yolları Ulusal Sempozyumu Tebliğleri
Başlığın Kalan 11-13 Şubat 1976
Sorumluluk Tablosu, Vb Boğaziçi Üniversitesi
260 ## - YAYIN, DAĞITIM, VB
Yayın, Dağıtım, Vb Yeri İstanbul
Yayıncı, Dağıtıcı, Vs Adı Boğaziçi Üniversitesi
Yayın, Dağıtım, Vb Tarihi 1977
300 ## - FİZİKSEL TANIM
Kapsam 587 s.
Boyutlar 30 sm.
650 ## - KONU KATMA GİRİŞ - TOPİKAL DÖNEM
Topikal Süreli Veya Coğrafi Ad Giriş Elemanı İstanbul
Genel Alt Bölümü Haliç
Kronolojik Alt Bölümü Toplantılar
942 ## - EKLENDİ GİRİŞ ELEMANLARI (KOHA)
Sınıflandırma Veya Raf Düzeni Kaynak Dewey Decimal Classification
Koha Öğesi Türü Books
999 ## - SİSTEM KONTROL NUMARALARI (KOHA)
Koha Biblionumber 2501
Koha Biblioitemnumber 2501
Holdings
Kalıcı Konum Mevcut Konum Edinme Tarihi Edinim Kaynak Toplam Check-Out'Lar Tam Çağrı Numarası Barkod Tarih Son Görülme İtibaren Geçerli Fiyatlar Koha Öğesi Türü
CHP Kütüphanesi CHP Kütüphanesi 10/14/2016 Bağış   915.62262 H24 1977 005755 10/14/2016 10/14/2016 Books